Essays in the public philosophy of development (Record no. 42360)

MARC details
000 -LEADER
fixed length control field 00651nam a2200181 a 4500
008 - FIXED-LENGTH DATA ELEMENTS--GENERAL INFORMATION
fixed length control field 120416s1993 ||||||||||||||||| || u
020 ## - INTERNATIONAL STANDARD BOOK NUMBER
International Standard Book Number 9781563486
050 ## - LIBRARY OF CONGRESS CALL NUMBER
Classification number HD 82 Oki
100 ## - MAIN ENTRY--PERSONAL NAME
Personal name Okigbo, Pius
245 10 - TITLE STATEMENT
Title Essays in the public philosophy of development
246 ## - VARYING FORM OF TITLE
Title proper/short title studies in the political economy of Africa
250 ## - EDITION STATEMENT
Edition statement 5th ed.
260 ## - PUBLICATION, DISTRIBUTION, ETC.
Place of publication, distribution, etc. Enugu
Name of publisher, distributor, etc. Fourth Dimention Publishing Co. Ltd
Date of publication, distribution, etc. 1993
350 ## - PRICE (NR) (BK AM CF MU VM SE) [OBSOLETE]
Price 0.00
650 #0 - SUBJECT ADDED ENTRY--TOPICAL TERM
Topical term or geographic name entry element ECONOMICS
650 ## - SUBJECT ADDED ENTRY--TOPICAL TERM
Topical term or geographic name entry element POLITICAL ECONOMY--AFRICA
995 ## - RECOMMENDATION 995 [LOCAL, UNIMARC FRANCE]
-- 0.00
-- CBU-MAIN LIBRARY (Kitwe)
-- 1
-- 19.95
-- 1
-- AVAILABLE
-- Main Library Open Access Collection
Holdings
Withdrawn status Lost status Source of classification or shelving scheme Damaged status Not for loan Home library Current library Shelving location Date acquired Total Checkouts Full call number Barcode Date last seen Price effective from Koha item type
          CBU-MAIN LIBRARY, KITWE. CBU-MAIN LIBRARY, KITWE.   11/30/2022   HD 82 Oki 024047 11/30/2022 11/30/2022 MONOGRAPH